Quiz sur la Cordillère des Andes - Statistiques

Statistiques générales
  • Ce quiz a été pris 16 fois
  • Le résultat moyen est 11 sur 16
Statistiques - réponses
Question Réponse % Correct
Quel fleuve, le plus long du monde, prend sa source dans les Andes ? Amazone
94%
Quel célèbre site de cette civilisation se situe dans les Andes péruviennes ? Machu Picchu
94%
Quelle plante andine, à l’origine d’une célèbre drogue, est traditionnellement mâchée pour lutter contre l’altitude ? Coca
88%
Quelle civilisation précolombienne avait pour capitale Cuzco ? Inca
88%
Quelle capitale située dans les Andes est la plus haute du monde ? La Paz
88%
Quel est le plus grand lac des Andes ? Titicaca
88%
Quel détroit, portant le nom d'un célèbre explorateur, relie l’océan Atlantique à l’océan Pacifique au niveau de cet archipel ? Détroit de {Magellan}
81%
Quel camélidé est emblématique des Andes ? Lama
81%
Quelle langue héritée de cette civilisation est encore largement parlée dans les Andes ? Quechua
81%
Quel archipel situé à l’extrémité sud des Andes est partagé entre le Chili et l’Argentine ? Terre de Feu
75%
Le “cuy”, consommé traditionnellement dans les Andes, est une forme géante de quel rongeur ? Cochon d'Inde
63%
Quel désert longe les Andes au Chili ? Désert d'{Atacama}
63%
Comment appelle-t-on le vaste plateau situé entre les chaînes principales des Andes ? Altiplano
50%
Quel conquistador espagnol provoqua la chute de cet empire ? Francisco Pizarro
50%
Quel est le sommet le plus haut de la Cordillère des Andes ? Aconcagua
44%
Quel est le plus grand désert de sel du monde situé dans les Andes ? Salar d'{Uyuni}
19%
Aucun quiz correspondant
Distribution des résultats
% des personnes avec chaque résultat
Percentile par nombre de réponses
Votre historique - résultats
Vous n’avez pas pris ce quiz